000 00466nam a2200181Ia 4500
001 4889
005 20260306145827.0
008 260306t1996||||xx |||||||||||||| ||spa||
041 _aESP
082 _a331.0985
_bY19
100 _aYamada Fukusaki, Gustavo
_eAUT
245 0 _aCaminos entrelazados:
_bla realidad del empleo urbano en el Perú
260 _c1996
300 _a450 páginas :
_c20 cm.
650 _aGEN
654 _aCAN
942 _cLIB
_dJUS
_fJUS
_2ddc
_n
999 _c4889
_d4889